Agency 2005 (Record no. 75443)

MARC details
000 -LEADER
fixed length control field 00868cab a2200205 4500
001 - CONTROL NUMBER
control field L130077
008 - FIXED-LENGTH DATA ELEMENTS--GENERAL INFORMATION
fixed length control field 050620n2005 000 0 eng u
035 ## - SYSTEM CONTROL NUMBER
System control number (Sirsi) u130077
041 ## - LANGUAGE CODE
Language code of text/sound track or separate title eng
100 ## - MAIN ENTRY--PERSONAL NAME
Personal name Barrett, Claer
245 ## - TITLE STATEMENT
Title Agency 2005
260 ## - PUBLICATION, DISTRIBUTION, ETC.
Date of publication, distribution, etc. 2005
490 ## - SERIES STATEMENT
Series statement Property Week
Volume/sequential designation 70(23) 10 June 2005, 34-47(12)
520 ## - SUMMARY, ETC.
Summary, etc. "Property Week" has published its annual survey of the agency community, published along with global and European analyses. Looks at Jones Lang LaSalle's global strategy, Cushman and Wakefield's expansion into Russia and includes interviews with five of the most dynamic UKbased firms and profiles of firms taking different approaches to the market.
590 ## - LOCAL NOTE (RLIN)
Local note IKA040705
690 ## - LOCAL SUBJECT ADDED ENTRY--TOPICAL TERM (OCLC, RLIN)
Topical term or geographic name as entry element PROPERTY-COMMERCIAL PROPERTY-COMMERCIAL PROPERTY AGENCY
700 ## - ADDED ENTRY--PERSONAL NAME
Personal name Cruise, Sinead
700 ## - ADDED ENTRY--PERSONAL NAME
Personal name McAllister, Sean
942 ## - ADDED ENTRY ELEMENTS (KOHA)
Suppress in OPAC 0
Holdings
Withdrawn status Lost status Source of classification or shelving scheme Damaged status Not for loan Home library Current library Shelving location Date acquired Total Checkouts Full call number Barcode Date last seen Copy number Price effective from Koha item type
    Dewey Decimal Classification     London London Journal article 20/06/2005   L130077 130077-1001 06/08/2019 1 06/08/2019 Journal article